MISSIONARIES; THE CHRISTIAN SOCIAL CLUB ADVENTURE (Record no. 216189)

MARC details
000 -LEADER
fixed length control field 00439nam a22001577a 4500
008 - FIXED-LENGTH DATA ELEMENTS--GENERAL INFORMATION
fixed length control field 251113b |||||||| |||| 00| 0 eng d
020 ## - INTERNATIONAL STANDARD BOOK NUMBER
International Standard Book Number 978-0-9994908-3-9
100 ## - MAIN ENTRY--PERSONAL NAME
Personal name EMMANUEL PAUL JOHN
245 ## - TITLE STATEMENT
Title MISSIONARIES; THE CHRISTIAN SOCIAL CLUB ADVENTURE
260 ## - PUBLICATION, DISTRIBUTION, ETC.
Place of publication, distribution, etc. U S A
Name of publisher, distributor, etc. VALENTINE PUBLISHING HOUSE
Date of publication, distribution, etc. 2024
300 ## - PHYSICAL DESCRIPTION
Extent 187P.
500 ## - GENERAL NOTE
General note INCLUDES AN INDEX
650 ## - SUBJECT ADDED ENTRY
Topical term or geographic name entry element MISSIONARIES
942 ## - ADDED ENTRY ELEMENTS (KOHA)
Source of classification or shelving scheme Library of Congress Classification
Koha item type Long Loan Book
Holdings
Withdrawn status Lost status Source of classification or shelving scheme Damaged status Not for loan Collection Home library Current library Shelving location Date acquired Inventory number Total checkouts Full call number Barcode Date last seen Date last checked out Copy number Price effective from Koha item type
    Library of Congress Classification     Arts & Social Sciences Kisii University Library Kisii University Library On Display 11/13/2025 109773 1 BV 2063 .E46 2024 V.3 000000023564 12/04/2025 11/26/2025 C.1 11/13/2025 Long Loan Book
    Library of Congress Classification     Arts & Social Sciences Kisii University Library Kisii University Library On Display 11/13/2025 109774   BV 2063 .E46 2024 V.3 000000023565 11/13/2025   C.2 11/13/2025 Long Loan Book
    Library of Congress Classification     Arts & Social Sciences Kisii University Library Kisii University Library On Display 11/13/2025 109775   BV 2063 .E46 2024 V.3 000000023566 11/13/2025   C.3 11/13/2025 Long Loan Book
    Library of Congress Classification     Arts & Social Sciences Kisii University Library Kisii University Library On Display 11/13/2025 109776   BV 2063 .E46 2024 V.3 000000023567 11/13/2025   C.4 11/13/2025 Long Loan Book
    Library of Congress Classification     Arts & Social Sciences Kisii University Library Kisii University Library On Display 11/13/2025 109777   BV 2063 .E46 2024 V.3 000000023568 11/13/2025   C.5 11/13/2025 Long Loan Book
    Library of Congress Classification     Arts & Social Sciences Kisii University Library Kisii University Library On Display 11/13/2025 109778   BV 2063 .E46 2024 V.3 000000023569 11/13/2025   C.6 11/13/2025 Long Loan Book